Stretch v United Kingdom (Record no. 73164)

MARC details
000 -LEADER
fixed length control field 01783cam a2200217 4500
001 - CONTROL NUMBER
control field ABS66931
008 - FIXED-LENGTH DATA ELEMENTS--GENERAL INFORMATION
fixed length control field 111219e2003 000 0 eng u
035 ## - SYSTEM CONTROL NUMBER
System control number (Sirsi) u123193
245 ## - TITLE STATEMENT
Title Stretch v United Kingdom
260 ## - PUBLICATION, DISTRIBUTION, ETC.
Date of publication, distribution, etc. 2003
490 ## - SERIES STATEMENT
Series statement Estates Gazette
Volume/sequential designation [2003] 29 EG 118 (CS)
520 ## - SUMMARY, ETC.
Summary, etc. ECHR Application No 44277/98, 24 June 2003. Landlord (W) refused to allow applicant (S) to exercise his option to renew building lease on grounds that the grant was "ultra vires". The HC ruling dismissing S's application for a declaration that he was entitled to exercise the option was upheld by CA (X95638). HL refused S's petition to appeal further. S appealed to the ECHR alleging that he had been denied his right to peaceful enjoyment of his possession and that he had been deprived of his possessions contrary to the European Convention on Human Rights First Protocol Art 1. He also claimed damages for loss of rental income. Application allowed. S had a legitimate expectation of exercising the option to renew and W's action could be said to have frustrated S's legitimate expectation and therefore amounted to interference with the quiet enjoyment of his possessions. S awarded Ł31 000 for pecuniary damage, Ł5 000 for non-pecuniary damage and Ł45 000 for costs and expenses.
590 ## - LOCAL NOTE (RLIN)
Local note ABS
650 ## - SUBJECT ADDED ENTRY--TOPICAL TERM
Topical term or geographic name entry element STRETCH V UNITED KINGDOM
650 ## - SUBJECT ADDED ENTRY--TOPICAL TERM
Topical term or geographic name entry element CONVENTION FOR THE PROTECTION OF HUMAN RIGHTS AND FUNDAMENTAL FREEDOMS FIRST PROTOCOL ART 1
650 ## - SUBJECT ADDED ENTRY--TOPICAL TERM
Topical term or geographic name entry element PEACEFUL ENJOYMENT
650 ## - SUBJECT ADDED ENTRY--TOPICAL TERM
Topical term or geographic name entry element HUMAN RIGHTS
690 ## - LOCAL SUBJECT ADDED ENTRY--TOPICAL TERM (OCLC, RLIN)
Topical term or geographic name as entry element PROPERTY AND LAND LAW-CASE LAW
856 ## - ELECTRONIC LOCATION AND ACCESS
Uniform Resource Identifier <a href="https://cmiskp.echr.coe.int/tkp197/search.asp?skin=hudoc-en">https://cmiskp.echr.coe.int/tkp197/search.asp?skin=hudoc-en</a>
Public note View judgment (type 44277/98 in the Application Number box and click on search) free of charge at http://cmiskp.echr.coe.int
942 ## - ADDED ENTRY ELEMENTS (KOHA)
Suppress in OPAC 0
Holdings
Withdrawn status Lost status Source of classification or shelving scheme Damaged status Not for loan Home library Current library Shelving location Date acquired Total Checkouts Full call number Barcode Date last seen Copy number Price effective from Koha item type
    Dewey Decimal Classification     London London Journal article 05/08/2003   ABS66931 123193-1001 06/08/2019 1 06/08/2019 Law report